000 00780cam a22002291 4500
001 sa 68001208
003 DLC
005 20260227112431.0
008 710903s1963 ii s 000 0 eng
010 _asa 68001208
040 _aDLC
_cDLC
_dDLC
043 _aa-ii---
050 0 0 _aHC437.U6
_bA35 no. 68
110 1 _aUttar Pradesh (India).
_bDepartment of Economics and Statistics.
245 1 0 _aPhysically handicapped persons in Uttar Pradesh, 1960-61 (provisional),
_cby J. K. Pande, Director of Economic Intelligence and Statistics.
260 _aLucknow
_c[1963]
300 _aii, 21 p.
_c25 cm.
410 1 1 _aIts
_tBulletin
_vno. 68
500 _aCover title.
650 0 _aPeople with disabilities
_zIndia
_zUttar Pradesh
_vStatistics.
700 1 _aPande, Jugal Kishore.
999 _c77797
_d77797